000 004860000a22001330004500
090 _aAS
_bSeriadas
245 1 0 _aDescripción de los machos y anotaciones sobre la biología de Paratrigona anduzei y P. eutaeniata (<Hymenoptera: Apidae: Meliponini>) en Colombia
041 0 _aEspañol
700 1 _aGonzález B., Víctor Hugo
_999130
700 1 _aOspina Torres, Rodulfo
_95980
100 1 _aNates Parra, Guiomar
_95315
942 _cARTICULO
773 1 _tCaldasia
_345
_h2
_q174-183
_d1999
_g21
999 _c14742
_d14742